000 00884nam a2200277Ia 4500
001 Z_3741
003 CHAP
005 20221021001958.0
007 ta
008 220113s1978 xx 000 0 und d
010 _a166822
040 _cCHAP
090 _aR-77
100 1 _aCosta Batllori, Pedro
_928474
245 1 0 _aEnergía y fibra bruta en alimentación del conejo :
_brevisión bibliográfica /
_cpor Pedro Costa Batllori
260 _aChapingo, Méx. :
_bUACh. Departamento de Zootecnia,
_c1978
300 _a10 hojas
500 _aReimpreso de: Simposium de cunicultura (3 : Valencia, España : 1978)
650 1 _aConejos
_xAlimentos y alimentación
_9140951
650 1 _aEnergía, en alimentación del conejo
_9140952
650 1 _aFibra bruta en alimentación del conejo
_9140953
901 _aR-77
902 _aM
910 _a1978
942 _cREIMP
_2local
999 _c166822
_d166822